| 000 | 00539nam a2200205Ia 4500 | ||
|---|---|---|---|
| 008 | 180207s9999 xx 000 0 und d | ||
| 020 | _a9780439163675 | ||
| 050 | _bD131 1985 | ||
| 100 | _aDahl, Roald | ||
| 245 | 4 | _aThe giraffe and he pelly and me / | |
| 245 | _cby Roald Dahl ; illustrated by Quentin Blake. | ||
| 260 | _aBroadway, New York | ||
| 260 | _bScholastic, | ||
| 260 | _c1985 | ||
| 300 | _a78 pages : | ||
| 300 | _billustrations ; | ||
| 300 | _c19cm. | ||
| 700 | _aBlake, Quentin, illustrator. | ||
| 700 | _aTitle. | ||
| 999 |
_c354977 _d354977 |
||